Earthworks, ten years on the environmental front /

Bibliographic Details
Corporate Author: Friends of the Earth
Other Authors: Van Deventer, Mary Lou
Format: Book
Language:English
Published: San Francisco : Friends of the Earth, [1980]
Subjects:

MARC

Tag First Indicator Second Indicator Subfields
LEADER 00000cam a2200000 a 4500
001 in00000097223
005 20150924085134.0
008 810721s1980 caua 00000 eng
010 |a  79056910  
020 |a 0913890391 (pbk.) :  |c $8.95 
035 |a (OCoLC)07671741 
035 |9 AAK9100AM 
039 0 |a 2  |b 3  |c 3  |d 3  |e 3 
040 |a DLC  |c DLC  |d TXA  |d UtOrBLW 
049 |a TXAM  |c [952406] 
050 0 0 |a QH541.145  |b  E253 
082 0 |a 333.7/2  |2 19 
245 0 0 |a Earthworks, ten years on the environmental front /  |c edited by Mary Lou Van Deventer. 
264 1 |a San Francisco :  |b Friends of the Earth,  |c [1980] 
264 4 |c ©1980 
300 |a 255 pages :  |b illustrations ;  |c 28 cm. 
336 |a text  |b txt  |2 rdacontent 
337 |a unmediated  |b n  |2 rdamedia 
338 |a volume  |b nc  |2 rdacarrier 
500 |a Selections from the first ten years of Not man apart, 1970-1979. 
650 0 |a Ecology. 
650 0 |a Conservation of natural resources. 
650 0 |a Environmental protection. 
700 1 |a Van Deventer, Mary Lou. 
710 2 |a Friends of the Earth. 
730 0 |a Not man apart. 
999 |a MARS 
999 f f |s f8640d8b-784a-3365-aa1e-10dc4e529666  |i d7be1974-d898-3a83-8c37-3a5a49d955e2  |t 0 
952 f f |p ric  |a Texas A&M University  |b Rellis Campus  |c Joint Library Facility  |d Remote Storage  |t 0  |e QH541.145 E253  |h Library of Congress classification  |i unmediated -- volume  |m A14806039428 
998 f f |a QH541.145 E253  |t 0  |l Remote Storage